[Event "Najdorf Memorial"]
[Site "Warsaw POL"]
[Date "2021.07.13"]
[Round "4.3"]
[White "Rozentalis, Eduardas"]
[Black "Nowak, Mikolaj"]
[Result "1-0"]
[WhiteElo "2526"]
[BlackElo "2310"]
[EventDate "2021.07.10"]
[PlyCount "103"]
[LiveChessVersion "1.4.8"]

1.e4 {[%clk 1:30:56]} 1...e5 {[%clk 1:30:54]} 2.Nf3 {[%clk 1:30:58]} 2...Nc6
{[%clk 1:31:18]} 3.Bb5 {[%clk 1:30:43]} 3...Nf6 {[%clk 1:31:38]} 4.d3 {[%clk
1:30:46]} 4...Bc5 {[%clk 1:31:13]} 5.O-O {[%clk 1:28:12]} 5...d6 {[%clk
1:31:22]} 6.c3 {[%clk 1:27:26]} 6...O-O {[%clk 1:31:06]} 7.h3 {[%clk 1:26:56]}
7...a6 {[%clk 1:30:58]} 8.Ba4 {[%clk 1:23:23]} 8...Ba7 {[%clk 1:31:10]} 9.Re1
{[%clk 1:22:41]} 9...Ne7 {[%clk 1:28:34]} 10.d4 {[%clk 1:19:57]} 10...Ng6
{[%clk 1:28:53]} 11.Bb3 {[%clk 1:19:53]} 11...h6 {[%clk 1:27:59]} 12.Nbd2
{[%clk 1:18:43]} 12...Re8 {[%clk 1:27:22]} 13.a4 {[%clk 1:13:22]} 13...c6
{[%clk 1:24:52]} 14.Bc2 {[%clk 1:07:28]} 14...Nh5 {[%clk 1:15:04]} 15.Nf1
{[%clk 0:54:23]} 15...Qf6 {[%clk 1:09:29]} 16.Be3 {[%clk 0:49:41]} 16...Ngf4
{[%clk 1:03:15]} 17.Ng3 {[%clk 0:49:23]} 17...Qg6 {[%clk 0:59:05]} 18.Nh4
{[%clk 0:48:46]} 18...Qg5 {[%clk 0:57:40]} 19.Nf3 {[%clk 0:42:52]} 19...Qg6
{[%clk 0:58:04]} 20.Kh2 {[%clk 0:42:14]} 20...Be6 {[%clk 0:48:43]} 21.Nh4
{[%clk 0:33:13]} 21...Qf6 {[%clk 0:43:53]} 22.Nxh5 {[%clk 0:31:56]} 22...Qxh4
{[%clk 0:43:41]} 23.Bxf4 {[%clk 0:32:16]} 23...exf4 {[%clk 0:43:25]} 24.Qf3
{[%clk 0:32:39]} 24...c5 {[%clk 0:40:03]} 25.d5 {[%clk 0:28:25]} 25...Bd7
{[%clk 0:40:27]} 26.Nxf4 {[%clk 0:27:52]} 26...c4 {[%clk 0:40:06]} 27.Re2
{[%clk 0:19:07]} 27...b5 {[%clk 0:40:07]} 28.Nh5 {[%clk 0:09:38]} 28...Bc5
{[%clk 0:38:52]} 29.Ng3 {[%clk 0:09:35]} 29...g6 {[%clk 0:37:24]} 30.axb5
{[%clk 0:09:01]} 30...axb5 {[%clk 0:37:04]} 31.Rxa8 {[%clk 0:08:50]} 31...Rxa8
{[%clk 0:37:27]} 32.e5 {[%clk 0:09:09]} 32...dxe5 {[%clk 0:36:53]} 33.Ne4
{[%clk 0:08:36]} 33...Be7 {[%clk 0:33:38]} 34.d6 {[%clk 0:08:26]} 34...Bd8
{[%clk 0:33:58]} 35.Nf6+ {[%clk 0:04:51]} 35...Qxf6 {[%clk 0:33:27]} 36.Qxa8
{[%clk 0:05:12]} 36...Qf4+ {[%clk 0:32:16]} 37.g3 {[%clk 0:05:07]} 37...Qg5
{[%clk 0:31:49]} 38.Qe4 {[%clk 0:03:18]} 38...Bf6 {[%clk 0:30:52]} 39.Qh4
{[%clk 0:02:26]} 39...Qxh4 {[%clk 0:29:16]} 40.gxh4 {[%clk 0:32:54]} 40...h5
{[%clk 0:57:28]} 41.Re1 {[%clk 0:29:56]} 41...Bxh4 {[%clk 0:50:45]} 42.Rxe5
{[%clk 0:28:48]} 42...Kg7 {[%clk 0:50:42]} 43.f4 {[%clk 0:27:35]} 43...Bf6
{[%clk 0:49:54]} 44.Re1 {[%clk 0:26:21]} 44...Bd8 {[%clk 0:50:05]} 45.Be4
{[%clk 0:24:55]} 45...g5 {[%clk 0:48:26]} 46.fxg5 {[%clk 0:22:12]} 46...Bxg5
{[%clk 0:48:46]} 47.Rf1 {[%clk 0:22:21]} 47...Bf6 {[%clk 0:48:24]} 48.Bf5
{[%clk 0:21:55]} 48...Bc6 {[%clk 0:48:02]} 49.d7 {[%clk 0:19:15]} 49...Bd8
{[%clk 0:48:14]} 50.Rd1 {[%clk 0:17:06]} 50...Bc7+ {[%clk 0:47:19]} 51.Kg1
{[%clk 0:17:25]} 51...Kf6 {[%clk 0:47:38]} 52.Rd6+ {[%clk 0:16:41]} 1-0

[Event "Najdorf Memorial"]
[Site "Warsaw POL"]
[Date "2021.07.13"]
[Round "4.4"]
[White "Kosakowski, Jakub"]
[Black "Malicka, Maria"]
[Result "1-0"]
[WhiteElo "2417"]
[BlackElo "2272"]
[EventDate "2021.07.10"]
[PlyCount "53"]
[LiveChessVersion "1.4.8"]

1.Nf3 {[%clk 1:30:44]} 1...Nf6 {[%clk 1:30:53]} 2.b3 {[%clk 1:31:02]} 2...d5
{[%clk 1:30:35]} 3.Bb2 {[%clk 1:31:08]} 3...e6 {[%clk 1:30:59]} 4.e3 {[%clk
1:31:06]} 4...Be7 {[%clk 1:31:07]} 5.d4 {[%clk 1:31:21]} 5...c5 {[%clk 1:29:57]}
6.Bd3 {[%clk 1:31:06]} 6...Nc6 {[%clk 1:29:48]} 7.O-O {[%clk 1:31:21]} 7...O-O
{[%clk 1:29:27]} 8.dxc5 {[%clk 1:31:39]} 8...Bxc5 {[%clk 1:27:44]} 9.Nbd2
{[%clk 1:31:55]} 9...Re8 {[%clk 1:16:16]} 10.e4 {[%clk 1:26:19]} 10...dxe4
{[%clk 1:00:03]} 11.Nxe4 {[%clk 1:26:26]} 11...Nxe4 {[%clk 0:56:37]} 12.Bxe4
{[%clk 1:26:47]} 12...Bd7 {[%clk 0:56:28]} 13.Qd3 {[%clk 1:12:21]} 13...f5
{[%clk 0:55:36]} 14.Bxf5 {[%clk 1:10:16]} 14...Bxf2+ {[%clk 0:54:59]} 15.Rxf2
{[%clk 1:10:37]} 15...exf5 {[%clk 0:55:27]} 16.Qc3 {[%clk 1:10:31]} 16...Qe7
{[%clk 0:53:40]} 17.Rd1 {[%clk 1:10:45]} 17...Rad8 {[%clk 0:46:21]} 18.Re2
{[%clk 1:09:52]} 18...Qf8 {[%clk 0:40:03]} 19.Qc4+ {[%clk 1:09:02]} 19...Kh8
{[%clk 0:34:17]} 20.Ng5 {[%clk 1:09:11]} 20...b5 {[%clk 0:30:58]} 21.Qh4 {[%clk
1:02:55]} 21...Qg8 {[%clk 0:29:45]} 22.Qh5 {[%clk 0:55:25]} 22...Rf8 {[%clk
0:25:45]} 23.Rd6 {[%clk 0:55:33]} 23...f4 {[%clk 0:20:48]} 24.Rh6 {[%clk
0:53:52]} 24...Bf5 {[%clk 0:21:12]} 25.Rxc6 {[%clk 0:53:35]} 25...Rd1+ {[%clk
0:21:14]} 26.Kf2 {[%clk 0:53:59]} 26...Qd5 {[%clk 0:14:51]} 27.Rc8 {[%clk
0:54:12]} 1-0

[Event "Najdorf Memorial"]
[Site "Warsaw POL"]
[Date "2021.07.13"]
[Round "4.5"]
[White "Selbes, Tarik"]
[Black "Noe, Christopher"]
[Result "0-1"]
[WhiteElo "2235"]
[BlackElo "2527"]
[EventDate "2021.07.10"]
[PlyCount "54"]
[LiveChessVersion "1.4.8"]

1.e4 {[%clk 1:30:22]} 1...c5 {[%clk 1:30:01]} 2.Nc3 {[%clk 1:27:53]} 2...e6
{[%clk 1:30:14]} 3.Nf3 {[%clk 1:27:34]} 3...Nc6 {[%clk 1:30:23]} 4.Bb5 {[%clk
1:26:38]} 4...Nd4 {[%clk 1:28:01]} 5.O-O {[%clk 1:26:39]} 5...a6 {[%clk
1:23:57]} 6.Bd3 {[%clk 1:24:56]} 6...Ne7 {[%clk 1:23:11]} 7.Re1 {[%clk 1:14:00]}
7...Nec6 {[%clk 1:21:06]} 8.Nd5 {[%clk 1:00:37]} 8...Bd6 {[%clk 1:17:29]} 9.b4
{[%clk 1:00:49]} 9...Nxf3+ {[%clk 0:57:06]} 10.Qxf3 {[%clk 1:01:04]} 10...c4
{[%clk 0:45:27]} 11.Bb2 {[%clk 0:54:11]} 11...Be5 {[%clk 0:42:05]} 12.Bxe5
{[%clk 0:53:24]} 12...Nxe5 {[%clk 0:42:29]} 13.Qg3 {[%clk 0:53:47]} 13...O-O
{[%clk 0:41:53]} 14.Qxe5 {[%clk 0:53:37]} 14...cxd3 {[%clk 0:39:33]} 15.Nf4
{[%clk 0:44:27]} 15...d6 {[%clk 0:38:15]} 16.Qc3 {[%clk 0:43:46]} 16...dxc2
{[%clk 0:38:28]} 17.Re3 {[%clk 0:35:39]} 17...Bd7 {[%clk 0:37:51]} 18.Rg3
{[%clk 0:28:52]} 18...g6 {[%clk 0:26:42]} 19.Nh5 {[%clk 0:25:00]} 19...e5
{[%clk 0:27:06]} 20.Qe3 {[%clk 0:22:00]} 20...f6 {[%clk 0:15:30]} 21.Qh6 {[%clk
0:18:02]} 21...Rf7 {[%clk 0:15:42]} 22.Rc1 {[%clk 0:05:06]} 22...Rc8 {[%clk
0:15:54]} 23.d4 {[%clk 0:01:30]} 23...Qf8 {[%clk 0:14:01]} 24.Qd2 {[%clk
0:01:46]} 24...Kh8 {[%clk 0:14:07]} 25.Nxf6 {[%clk 0:00:53]} 25...Rxf6 {[%clk
0:14:33]} 26.dxe5 {[%clk 0:01:19]} 26...dxe5 {[%clk 0:14:24]} 27.Rxc2 {[%clk
0:00:36]} 27...Rd6 {[%clk 0:11:05]} 0-1

[Event "Najdorf Memorial"]
[Site "Warsaw POL"]
[Date "2021.07.13"]
[Round "4.6"]
[White "Baum, Jonasz"]
[Black "Gumularz, Szymon"]
[Result "1-0"]
[WhiteElo "2260"]
[BlackElo "2515"]
[EventDate "2021.07.10"]
[PlyCount "63"]
[LiveChessVersion "1.4.8"]

1.d4 {[%clk 1:30:58]} 1...Nf6 {[%clk 1:28:06]} 2.c4 {[%clk 1:31:22]} 2...e6
{[%clk 1:27:55]} 3.Nc3 {[%clk 1:31:40]} 3...Bb4 {[%clk 1:28:15]} 4.Nf3 {[%clk
1:31:58]} 4...O-O {[%clk 1:27:22]} 5.Qc2 {[%clk 1:32:18]} 5...d5 {[%clk
1:27:09]} 6.a3 {[%clk 1:31:19]} 6...Bxc3+ {[%clk 1:23:51]} 7.Qxc3 {[%clk
1:30:53]} 7...dxc4 {[%clk 1:24:15]} 8.Qxc4 {[%clk 1:31:03]} 8...b6 {[%clk
1:24:37]} 9.Bg5 {[%clk 1:31:19]} 9...Bb7 {[%clk 1:24:12]} 10.e3 {[%clk 1:19:34]}
10...c5 {[%clk 1:18:28]} 11.dxc5 {[%clk 1:11:43]} 11...bxc5 {[%clk 1:16:52]}
12.Be2 {[%clk 0:52:40]} 12...Qa5+ {[%clk 1:13:17]} 13.b4 {[%clk 0:51:28]}
13...cxb4 {[%clk 1:13:11]} 14.Bxf6 {[%clk 0:49:03]} 14...gxf6 {[%clk 1:10:54]}
15.O-O {[%clk 0:28:50]} 15...bxa3 {[%clk 1:04:07]} 16.Qg4+ {[%clk 0:28:35]}
16...Kh8 {[%clk 1:04:31]} 17.Qh4 {[%clk 0:28:15]} 17...Kg7 {[%clk 0:16:52]}
18.Rfb1 {[%clk 0:06:18]} 18...Ba6 {[%clk 0:16:52]} 19.Rb4 {[%clk 0:05:18]}
19...Rc8 {[%clk 0:17:06]} 20.Rg4+ {[%clk 0:04:49]} 20...Kf8 {[%clk 0:17:34]}
21.Qxh7 {[%clk 0:02:13]} 21...Qc3 {[%clk 0:17:02]} 22.Rd1 {[%clk 0:00:58]}
22...Ke7 {[%clk 0:09:48]} 23.Nh4 {[%clk 0:01:11]} 23...f5 {[%clk 0:04:20]}
24.Rg7 {[%clk 0:00:42]} 24...Bd3 {[%clk 0:01:45]} 25.Rxf7+ {[%clk 0:00:58]}
25...Kd6 {[%clk 0:02:14]} 26.Rxd3+ {[%clk 0:00:36]} 26...Qxd3 {[%clk 0:02:40]}
27.Bxd3 {[%clk 0:01:02]} 27...Rc1+ {[%clk 0:01:56]} 28.Bf1 {[%clk 0:01:31]}
28...Nc6 {[%clk 0:02:10]} 29.Nxf5+ {[%clk 0:01:17]} 29...Kc5 {[%clk 0:01:57]}
30.Nd4 {[%clk 0:01:13]} 30...Rb8 {[%clk 0:02:22]} 31.Rc7 {[%clk 0:01:09]}
31...Rb6 {[%clk 0:02:23]} 32.Qe7+ {[%clk 0:01:23]} 1-0

[Event "Najdorf Memorial"]
[Site "Warsaw POL"]
[Date "2021.07.13"]
[Round "4.7"]
[White "Mickiewicz, Piotr"]
[Black "Kjartansson, Gudmundur"]
[Result "1-0"]
[WhiteElo "2247"]
[BlackElo "2496"]
[EventDate "2021.07.10"]
[PlyCount "83"]
[LiveChessVersion "1.4.8"]

1.Nf3 {[%clk 1:18:59]} 1...d5 {[%clk 1:29:32]} 2.g3 {[%clk 1:19:23]} 2...g6
{[%clk 1:28:58]} 3.Bg2 {[%clk 1:19:11]} 3...Bg7 {[%clk 1:29:08]} 4.c4 {[%clk
1:18:45]} 4...dxc4 {[%clk 1:26:39]} 5.Qa4+ {[%clk 1:13:37]} 5...c6 {[%clk
1:25:11]} 6.Qxc4 {[%clk 1:13:43]} 6...e5 {[%clk 1:24:45]} 7.d3 {[%clk 1:12:59]}
7...Be6 {[%clk 1:23:23]} 8.Qa4 {[%clk 1:03:49]} 8...h6 {[%clk 1:21:05]} 9.O-O
{[%clk 1:03:28]} 9...Nd7 {[%clk 1:17:36]} 10.Nc3 {[%clk 1:00:39]} 10...Nb6
{[%clk 1:15:41]} 11.Qc2 {[%clk 0:58:04]} 11...Ne7 {[%clk 1:15:31]} 12.Ne4
{[%clk 0:53:10]} 12...O-O {[%clk 1:12:22]} 13.Nc5 {[%clk 0:49:45]} 13...Bc8
{[%clk 1:12:03]} 14.e4 {[%clk 0:47:57]} 14...Nd7 {[%clk 1:10:15]} 15.Be3 {[%clk
0:42:01]} 15...b6 {[%clk 1:02:39]} 16.Nxd7 {[%clk 0:42:03]} 16...Qxd7 {[%clk
1:02:51]} 17.b4 {[%clk 0:38:54]} 17...Qd6 {[%clk 0:55:53]} 18.a3 {[%clk
0:36:31]} 18...f5 {[%clk 0:52:19]} 19.d4 {[%clk 0:31:53]} 19...exd4 {[%clk
0:45:57]} 20.Nxd4 {[%clk 0:23:29]} 20...Bxd4 {[%clk 0:39:12]} 21.Rfd1 {[%clk
0:19:17]} 21...c5 {[%clk 0:38:02]} 22.bxc5 {[%clk 0:19:45]} 22...bxc5 {[%clk
0:36:08]} 23.e5 {[%clk 0:16:52]} 23...Qxe5 {[%clk 0:36:03]} 24.Bxd4 {[%clk
0:17:04]} 24...cxd4 {[%clk 0:36:28]} 25.Re1 {[%clk 0:15:35]} 25...Qd6 {[%clk
0:35:08]} 26.Qc4+ {[%clk 0:12:28]} 26...Kh8 {[%clk 0:33:58]} 27.Bxa8 {[%clk
0:12:53]} 27...f4 {[%clk 0:32:52]} 28.Qb4 {[%clk 0:08:27]} 28...Nf5 {[%clk
0:33:10]} 29.Be4 {[%clk 0:07:47]} 29...fxg3 {[%clk 0:32:50]} 30.hxg3 {[%clk
0:07:55]} 30...Qf6 {[%clk 0:32:42]} 31.Rad1 {[%clk 0:07:15]} 31...Rd8 {[%clk
0:32:25]} 32.Qc5 {[%clk 0:02:42]} 32...a6 {[%clk 0:32:11]} 33.Rd2 {[%clk
0:03:03]} 33...h5 {[%clk 0:31:06]} 34.Red1 {[%clk 0:02:13]} 34...h4 {[%clk
0:30:46]} 35.Bxf5 {[%clk 0:02:25]} 35...gxf5 {[%clk 0:27:53]} 36.Rxd4 {[%clk
0:02:51]} 36...Rg8 {[%clk 0:28:12]} 37.Rd6 {[%clk 0:01:39]} 37...Qg5 {[%clk
0:28:41]} 38.Qe5+ {[%clk 0:00:54]} 38...Kh7 {[%clk 0:29:04]} 39.Rc6 {[%clk
0:00:57]} 39...Rg7 {[%clk 0:22:28]} 40.Rxc8 {[%clk 0:31:11]} 40...hxg3 {[%clk
0:52:55]} 41.fxg3 {[%clk 0:30:32]} 41...Qg4 {[%clk 0:52:47]} 42.Rd2 {[%clk
0:30:34]} 1-0

[Event "Najdorf Memorial"]
[Site "Warsaw POL"]
[Date "2021.07.13"]
[Round "4.8"]
[White "Kacprzak, Kacper"]
[Black "Pacan-milej, Kosma"]
[Result "0-1"]
[WhiteElo "2075"]
[BlackElo "2421"]
[EventDate "2021.07.10"]
[PlyCount "44"]
[LiveChessVersion "1.4.8"]

1.e4 {[%clk 1:30:54]} 1...c6 {[%clk 1:30:46]} 2.d4 {[%clk 1:30:44]} 2...d5
{[%clk 1:31:11]} 3.e5 {[%clk 1:31:09]} 3...c5 {[%clk 1:31:30]} 4.dxc5 {[%clk
1:31:05]} 4...e6 {[%clk 1:31:52]} 5.Nf3 {[%clk 1:31:26]} 5...Bxc5 {[%clk
1:31:40]} 6.Bd3 {[%clk 1:31:45]} 6...Ne7 {[%clk 1:31:42]} 7.Bf4 {[%clk 1:25:14]}
7...Ng6 {[%clk 1:27:18]} 8.Bg3 {[%clk 1:25:31]} 8...Nc6 {[%clk 1:21:51]} 9.O-O
{[%clk 1:24:43]} 9...O-O {[%clk 1:13:19]} 10.Nbd2 {[%clk 1:24:13]} 10...f5
{[%clk 1:01:41]} 11.exf6 {[%clk 1:23:34]} 11...Qxf6 {[%clk 0:50:59]} 12.c4
{[%clk 1:22:43]} 12...Nf4 {[%clk 0:23:54]} 13.Bxf4 {[%clk 1:15:52]} 13...Qxf4
{[%clk 0:24:20]} 14.cxd5 {[%clk 1:16:04]} 14...exd5 {[%clk 0:24:25]} 15.Bxh7+
{[%clk 1:12:31]} 15...Kh8 {[%clk 0:23:17]} 16.Qc2 {[%clk 1:04:32]} 16...Bb6
{[%clk 0:20:21]} 17.Rae1 {[%clk 0:57:28]} 17...Bg4 {[%clk 0:14:58]} 18.Kh1
{[%clk 0:49:45]} 18...Qh6 {[%clk 0:10:49]} 19.Bd3 {[%clk 0:32:30]} 19...Bc7
{[%clk 0:10:34]} 20.a3 {[%clk 0:31:07]} 20...Rxf3 {[%clk 0:08:29]} 21.Nxf3
{[%clk 0:31:26]} 21...Bxf3 {[%clk 0:08:53]} 22.gxf3 {[%clk 0:31:50]} 22...Qxh2#
{[%clk 0:09:19]} 0-1

[Event "Najdorf Memorial"]
[Site "Warsaw POL"]
[Date "2021.07.13"]
[Round "4.9"]
[White "Licznerski, Lukasz"]
[Black "Kiolbasa, Oliwia"]
[Result "0-1"]
[WhiteElo "2400"]
[BlackElo "2255"]
[EventDate "2021.07.10"]
[PlyCount "102"]
[LiveChessVersion "1.4.8"]

1.e4 {[%clk 1:30:56]} 1...e5 {[%clk 1:30:50]} 2.Nf3 {[%clk 1:31:23]} 2...Nc6
{[%clk 1:31:11]} 3.Bb5 {[%clk 1:31:51]} 3...a6 {[%clk 1:31:30]} 4.Bxc6 {[%clk
1:32:18]} 4...dxc6 {[%clk 1:31:50]} 5.O-O {[%clk 1:32:44]} 5...f6 {[%clk
1:32:03]} 6.d4 {[%clk 1:33:11]} 6...exd4 {[%clk 1:32:21]} 7.Nxd4 {[%clk
1:33:38]} 7...c5 {[%clk 1:32:34]} 8.Ne2 {[%clk 1:31:31]} 8...Qxd1 {[%clk
1:32:46]} 9.Rxd1 {[%clk 1:31:58]} 9...Bd7 {[%clk 1:32:21]} 10.Nbc3 {[%clk
1:32:22]} 10...O-O-O {[%clk 1:32:06]} 11.Be3 {[%clk 1:30:36]} 11...Re8 {[%clk
1:29:22]} 12.Rd2 {[%clk 1:28:04]} 12...Bc6 {[%clk 1:28:52]} 13.Rad1 {[%clk
1:27:56]} 13...b6 {[%clk 1:27:34]} 14.a4 {[%clk 1:12:52]} 14...Bd6 {[%clk
1:15:51]} 15.Bf4 {[%clk 1:11:15]} 15...Bxf4 {[%clk 1:11:48]} 16.Nxf4 {[%clk
1:11:41]} 16...Nh6 {[%clk 1:07:42]} 17.Nh5 {[%clk 1:05:19]} 17...Rhg8 {[%clk
1:07:03]} 18.Ng3 {[%clk 0:59:15]} 18...f5 {[%clk 0:53:12]} 19.exf5 {[%clk
0:48:42]} 19...Rgf8 {[%clk 0:52:43]} 20.f3 {[%clk 0:43:00]} 20...Nxf5 {[%clk
0:52:41]} 21.Nxf5 {[%clk 0:43:27]} 21...Rxf5 {[%clk 0:52:58]} 22.Kf2 {[%clk
0:43:31]} 22...h5 {[%clk 0:41:45]} 23.Re2 {[%clk 0:38:06]} 23...Rxe2+ {[%clk
0:37:55]} 24.Kxe2 {[%clk 0:38:26]} 24...h4 {[%clk 0:37:57]} 25.h3 {[%clk
0:28:08]} 25...Re5+ {[%clk 0:36:45]} 26.Kf2 {[%clk 0:28:33]} 26...b5 {[%clk
0:36:15]} 27.axb5 {[%clk 0:28:49]} 27...axb5 {[%clk 0:36:35]} 28.Ne4 {[%clk
0:25:47]} 28...Bxe4 {[%clk 0:23:57]} 29.Re1 {[%clk 0:26:03]} 29...Kd7 {[%clk
0:24:00]} 30.Rxe4 {[%clk 0:17:52]} 30...Rxe4 {[%clk 0:16:32]} 31.fxe4 {[%clk
0:18:19]} 31...Ke6 {[%clk 0:16:51]} 32.b3 {[%clk 0:10:47]} 32...Ke5 {[%clk
0:14:25]} 33.Kf3 {[%clk 0:03:47]} 33...b4 {[%clk 0:09:40]} 34.Ke3 {[%clk
0:04:14]} 34...c4 {[%clk 0:09:16]} 35.bxc4 {[%clk 0:02:27]} 35...c5 {[%clk
0:09:19]} 36.Kf3 {[%clk 0:02:18]} 36...Kd4 {[%clk 0:05:32]} 37.Kf4 {[%clk
0:02:46]} 37...Kxc4 {[%clk 0:05:55]} 38.Ke5 {[%clk 0:02:43]} 38...Kc3 {[%clk
0:05:37]} 39.Kd5 {[%clk 0:02:09]} 39...Kxc2 {[%clk 0:03:40]} 40.e5 {[%clk
0:32:37]} 40...b3 {[%clk 0:34:04]} 41.e6 {[%clk 0:33:00]} 41...b2 {[%clk
0:34:29]} 42.e7 {[%clk 0:33:28]} 42...b1=Q {[%clk 0:34:49]} 43.e8=Q {[%clk
0:33:54]} 43...Qb4 {[%clk 0:28:58]} 44.Qe5 {[%clk 0:25:06]} 44...Qc3 {[%clk
0:20:43]} 45.Qe7 {[%clk 0:14:21]} 45...Qd4+ {[%clk 0:17:19]} 46.Kc6 {[%clk
0:14:49]} 46...Qf6+ {[%clk 0:14:58]} 47.Qxf6 {[%clk 0:14:48]} 47...gxf6 {[%clk
0:15:23]} 48.Kxc5 {[%clk 0:15:11]} 48...Kd3 {[%clk 0:15:46]} 49.Kd5 {[%clk
0:15:25]} 49...Ke3 {[%clk 0:16:06]} 50.Ke6 {[%clk 0:15:32]} 50...Kf2 {[%clk
0:16:19]} 51.Kf5 {[%clk 0:15:51]} 51...Kg3 {[%clk 0:16:22]} 0-1

[Event "Najdorf Memorial"]
[Site "Warsaw POL"]
[Date "2021.07.13"]
[Round "4.10"]
[White "Kaczmarek, Aleksander"]
[Black "Chmiel, Marcin"]
[Result "1/2-1/2"]
[WhiteElo "2371"]
[BlackElo "2237"]
[EventDate "2021.07.10"]
[PlyCount "169"]
[LiveChessVersion "1.4.8"]

1.e4 {[%clk 1:30:57]} 1...c6 {[%clk 1:26:52]} 2.d4 {[%clk 1:31:17]} 2...d5
{[%clk 1:27:14]} 3.Nc3 {[%clk 1:31:32]} 3...dxe4 {[%clk 1:27:34]} 4.Nxe4 {[%clk
1:31:58]} 4...Bf5 {[%clk 1:27:56]} 5.Ng3 {[%clk 1:31:43]} 5...Bg6 {[%clk
1:28:20]} 6.h4 {[%clk 1:32:09]} 6...h6 {[%clk 1:28:41]} 7.Nf3 {[%clk 1:32:37]}
7...Nd7 {[%clk 1:29:01]} 8.h5 {[%clk 1:33:03]} 8...Bh7 {[%clk 1:29:27]} 9.Bd3
{[%clk 1:33:32]} 9...Bxd3 {[%clk 1:29:48]} 10.Qxd3 {[%clk 1:34:00]} 10...e6
{[%clk 1:30:07]} 11.Bd2 {[%clk 1:34:23]} 11...Ngf6 {[%clk 1:30:28]} 12.O-O-O
{[%clk 1:34:33]} 12...Be7 {[%clk 1:30:46]} 13.Kb1 {[%clk 1:34:36]} 13...O-O
{[%clk 1:30:02]} 14.Qe2 {[%clk 1:31:10]} 14...Qb6 {[%clk 1:24:55]} 15.Ka1
{[%clk 1:26:23]} 15...c5 {[%clk 1:21:36]} 16.c3 {[%clk 1:25:31]} 16...cxd4
{[%clk 1:18:32]} 17.Nxd4 {[%clk 1:25:46]} 17...Nc5 {[%clk 1:08:16]} 18.Nf1
{[%clk 1:23:08]} 18...Rfd8 {[%clk 1:01:21]} 19.Bc1 {[%clk 1:19:07]} 19...Nd5
{[%clk 0:57:58]} 20.Ne3 {[%clk 1:13:05]} 20...a5 {[%clk 0:53:11]} 21.Ng4 {[%clk
0:55:59]} 21...a4 {[%clk 0:50:01]} 22.Rh3 {[%clk 0:50:18]} 22...a3 {[%clk
0:42:29]} 23.b3 {[%clk 0:40:31]} 23...f5 {[%clk 0:38:05]} 24.Nxh6+ {[%clk
0:25:10]} 24...gxh6 {[%clk 0:27:24]} 25.Rg3+ {[%clk 0:25:31]} 25...Kf7 {[%clk
0:26:49]} 26.Qd2 {[%clk 0:14:12]} 26...Bg5 {[%clk 0:12:09]} 27.Rxg5 {[%clk
0:12:25]} 27...hxg5 {[%clk 0:11:57]} 28.Qxg5 {[%clk 0:11:56]} 28...Rg8 {[%clk
0:06:10]} 29.Qh6 {[%clk 0:12:19]} 29...Qd8 {[%clk 0:05:34]} 30.Nxe6 {[%clk
0:04:39]} 30...Nxe6 {[%clk 0:04:00]} 31.Qh7+ {[%clk 0:05:01]} 31...Rg7 {[%clk
0:02:50]} 32.Qxf5+ {[%clk 0:05:09]} 32...Qf6 {[%clk 0:02:30]} 33.Qxd5 {[%clk
0:05:16]} 33...Qxc3+ {[%clk 0:02:01]} 34.Kb1 {[%clk 0:05:43]} 34...Rc8 {[%clk
0:01:01]} 35.Bxa3 {[%clk 0:05:20]} 35...Qc2+ {[%clk 0:01:06]} 36.Ka1 {[%clk
0:05:49]} 36...Rc7 {[%clk 0:01:00]} 37.Rc1 {[%clk 0:01:41]} 37...Rg5 {[%clk
0:00:37]} 38.Qd6 {[%clk 0:02:06]} 38...Qxc1+ {[%clk 0:00:40]} 39.Bxc1 {[%clk
0:02:32]} 39...Rxc1+ {[%clk 0:01:08]} 40.Kb2 {[%clk 0:32:56]} 40...Rc7 {[%clk
0:30:49]} 41.h6 {[%clk 0:31:52]} 41...Kf6 {[%clk 0:28:26]} 42.Qd3 {[%clk
0:28:47]} 42...Rg6 {[%clk 0:15:19]} 43.Qf3+ {[%clk 0:24:12]} 43...Kg5 {[%clk
0:14:57]} 44.Qe3+ {[%clk 0:21:45]} 44...Kf6 {[%clk 0:14:43]} 45.g3 {[%clk
0:13:46]} 45...Rh7 {[%clk 0:12:08]} 46.f4 {[%clk 0:14:08]} 46...Rgxh6 {[%clk
0:11:51]} 47.g4 {[%clk 0:14:29]} 47...Nxf4 {[%clk 0:03:04]} 48.Qxf4+ {[%clk
0:14:51]} 48...Kg7 {[%clk 0:03:08]} 49.Qe5+ {[%clk 0:15:02]} 49...Kf7 {[%clk
0:02:25]} 50.a4 {[%clk 0:15:24]} 50...Rg7 {[%clk 0:02:21]} 51.Qd5+ {[%clk
0:15:11]} 51...Kf8 {[%clk 0:00:59]} 52.g5 {[%clk 0:12:45]} 52...Rhg6 {[%clk
0:01:16]} 53.Qd8+ {[%clk 0:13:05]} 53...Kf7 {[%clk 0:01:41]} 54.Qc8 {[%clk
0:13:28]} 54...b6 {[%clk 0:01:12]} 55.Kc3 {[%clk 0:12:51]} 55...Ke7 {[%clk
0:01:02]} 56.Kc4 {[%clk 0:11:56]} 56...Re6 {[%clk 0:00:47]} 57.Qc7+ {[%clk
0:12:07]} 57...Kf8 {[%clk 0:01:09]} 58.Qd8+ {[%clk 0:12:33]} 58...Kf7 {[%clk
0:00:37]} 59.Qd7+ {[%clk 0:12:43]} 59...Re7 {[%clk 0:01:01]} 60.Qf5+ {[%clk
0:12:47]} 60...Kg8 {[%clk 0:01:18]} 61.Kb5 {[%clk 0:11:27]} 61...Re3 {[%clk
0:00:37]} 62.Qd5+ {[%clk 0:09:38]} 62...Kh7 {[%clk 0:00:51]} 63.Kxb6 {[%clk
0:05:04]} 63...Rg3 {[%clk 0:01:10]} 64.Qh1+ {[%clk 0:04:43]} 64...Kg8 {[%clk
0:01:18]} 65.b4 {[%clk 0:04:56]} 65...R3xg5 {[%clk 0:01:09]} 66.b5 {[%clk
0:04:52]} 66...R5g6+ {[%clk 0:01:12]} 67.Kc5 {[%clk 0:04:19]} 67...Rg5+ {[%clk
0:01:38]} 68.Kb4 {[%clk 0:02:22]} 68...Rg4+ {[%clk 0:02:05]} 69.Ka5 {[%clk
0:02:19]} 69...Ra7+ {[%clk 0:02:30]} 70.Kb6 {[%clk 0:02:47]} 70...Raxa4 {[%clk
0:02:38]} 71.Qd5+ {[%clk 0:03:03]} 71...Kh8 {[%clk 0:02:19]} 72.Qh5+ {[%clk
0:03:22]} 72...Kg8 {[%clk 0:02:25]} 73.Qe8+ {[%clk 0:03:49]} 73...Kh7 {[%clk
0:02:48]} 74.Qh5+ {[%clk 0:04:00]} 74...Kg8 {[%clk 0:03:12]} 75.Kc6 {[%clk
0:04:01]} 75...Rac4+ {[%clk 0:03:15]} 76.Kb7 {[%clk 0:04:09]} 76...Rg7+ {[%clk
0:03:02]} 77.Kb8 {[%clk 0:03:38]} 77...Rf4 {[%clk 0:02:50]} 78.Qd5+ {[%clk
0:04:00]} 78...Rff7 {[%clk 0:02:54]} 79.b6 {[%clk 0:04:01]} 79...Kh8 {[%clk
0:02:39]} 80.Qh1+ {[%clk 0:03:39]} 80...Kg8 {[%clk 0:02:37]} 81.Qd5 {[%clk
0:02:53]} 81...Kh8 {[%clk 0:02:59]} 82.Qd8+ {[%clk 0:01:55]} 82...Rg8 {[%clk
0:03:19]} 83.Qxg8+ {[%clk 0:02:21]} 83...Kxg8 {[%clk 0:03:45]} 84.b7 {[%clk
0:02:49]} 84...Rxb7+ {[%clk 0:04:09]} 85.Kxb7 {[%clk 0:03:15]} 1/2-1/2